Historia : la argentina contemporánea (1852-1999) /
Guardado en:
| Autor Principal: | |
|---|---|
| Formato: | Libro |
| Publicado: |
Buenos Aires :
Aique,
2000
|
| Materias: | |
| Etiquetas: |
Agregar Etiqueta
Sin Etiquetas, Sea el primero en etiquetar este registro!
|
| LEADER | 03040nam a22003975a 4500 | ||
|---|---|---|---|
| 001 | CEM.cems016488 | ||
| 008 | 130507s2000##################000#0#####d | ||
| 005 | 20241220104725.0 | ||
| 245 | 1 | 0 | |a Historia : |b la argentina contemporánea (1852-1999) / |c Maria Ernestina Alonso y Enrique Carlos Vázquez |
| 260 | |a Buenos Aires : |b Aique, |c 2000 | ||
| 300 | |a 364 p. | ||
| 500 | |a Acompaña al texto Historia : Argentina contemporánea (1852-1999). Documentos y testimonios | ||
| 505 | 0 | |a La constitución del Estado Nacional Argentino (1852-1880) -- La confederación argentina y el Estado de Buenos Aires (1852-1862) -- La organización del Estado nacional (1862-1880) -- Economía primaria exportadora y régimen oligárquico (1880-1930) -- La incorporación al mercado capitalista internacional: economía primaria exportadora y régimen oligárquico (1880-1916) -- La ampliación de la participación política: los gobiernos radicales (1916-1930) -- Estado, empresariado y movimiento obrero: las luchas políticas por la distribución de la riqueza (1930-1955) -- La década de 1930: crisis económica y reorganización oligárquica (1930-1943) -- El peronismo: la democracia de masas (1943-1955) -- La produndización de los conflictos sociales (1955-1976) -- Inestabilidad económica e ilegitimidad del sistema político (1955-1966) -- Disciplinamiento y reorganización de la sociedad argentina (1976-1999) -- La dictadura militar: terrorismo de Estado y concentración económica (1976-1983) -- Restablecimiento de la democracia política y ajuste económico neoliberal (1983-1999) -- | |
| 020 | |a 9507016236 | ||
| 100 | 1 | |a Alonso, María Ernestina | |
| 082 | 0 | 4 | |a 982.05 |
| 653 | |a Historia | ||
| 653 | |a Historia argentina | ||
| 653 | |a Historia argentina 1852-1999 | ||
| 653 | |a Historia-polimodal | ||
| 859 | |a CEMS |b BIB. CEMS - Agricultura |h 982.05 |i Al722-1 |p A0316.01 |t Ej.1 | ||
| 859 | |a CEMS |b BIB. CEMS - 11 de abril |h 982.05 |i AL64-1 |p 21188.01 |t Ej.1 | ||
| 859 | |a CEMS |b BIB. CEMS - Agricultura |h 982.05 |i Al722-1 |p A0467.03 |t Ej.2 | ||
| 859 | |a CEMS |b BIB. CEMS - 11 de abril |h 982.05 |i AL64-1 |p 21189.01 |t Ej.2 | ||
| 859 | |a CEMS |b BIB. CEMS - 11 de abril |h 982.05 |i AL64-1 |p 21190.01 |t Ej.3 | ||
| 859 | |a CEMS |b BIB. CEMS - 11 de abril |h 982.05 |i AL64-1 |p 21856.02 |t Ej.4 | ||
| 859 | |a CEMS |b BIB. CEMS - 11 de abril |h 982.05 |i AL64-1 |p 21857.02 |t Ej.5 | ||
| 859 | |a CEMS |b BIB. CEMS - 11 de abril |h 982.05 |i AL64-1 |p 21858.02 |t Ej.6 | ||
| 859 | |a CEMS |b BIB. CEMS - 11 de abril |h 982.05 |i AL64-1 |p 21985.03 |t Ej.7 | ||
| 859 | |a CEMS |b BIB. CEMS - 11 de abril |h 982.05 |i AL64-1 |p 22000.03 |t Ej.8 | ||
| 859 | |a CEMS |b BIB. CEMS - 11 de abril |h 982.05 |i AL64-1 |p 22001.03 |t Ej.9 | ||
| 859 | |a CEMS |b BIB. CEMS - 11 de abril |h 982.05 |i AL64-1 |p 22574.04 |t Ej.10 | ||
| 859 | |a CEMS |b BIB. CEMS - 11 de abril |h 982.05 |i AL64-1 |p 24092.07 |t Ej.11 | ||
| 859 | |a CEMS |b BIB. CEMS - 11 de abril |h 982.05 |i AL64-1 |p 24093.07 |t Ej.12 | ||
| 859 | |a CEMS |b BIB. CEMS - 11 de abril |h 982.05 |i AL64-1 |p 24094.07 |t Ej.13 | ||
| 859 | |a CEMS |b BIB. CEMS - 11 de abril |h 982.05 |i AL64-1 |p 24096.07 |t Ej.15 | ||
